000 02535nam a2200421 a 4500
999 _c20289
_d20289
003 BLK
005 20250128005501.0
008 180413b bul|||||r ||||||| ||bul||
010 _aKNG00022497000
040 _aBLK
041 _aBUL
_cBUL
080 _aИстория на България
_b94(497.2)
_x(082)(075.8)
_z94(497.2)(082)(075.8)
080 _aПериод на кризата на феодализма, зараждане на капиталистически отношения. Възраждане на българския народ (II пол. на ХVIII в. - 1878 г.)
_b94(497.2)"1750/1878"
_x(082)(075.8)
_z94(497.2)"1750/1878"(082)(075.8)
139 _aХристоматия по история на България
_bХ 83
245 1 0 _aХристоматия по история на България
_bПомагало за студенти по история във ВУЗ : Т. 1 - За том: Ранно бълг. Възраждане ХV-20-те год. на ХІХ в.
_cсъстав. на том Цветана Борисова Георгиева; състав. на том Димитър Цветанов Цанев.
_nТ. 3
_pБългарският народ под османско владичество
257 _aBGR
260 _bНаука и изкуство
_c1964 -
_fЗа том: Плевен : Ал. Пъшев
_aСофия
300 _c20 см
380 _a9
650 4 _aБългария - история - христоматии
_9241740
650 0 _aБългария - история, османско владичество
_9245876
650 4 _aВъзраждане - България - христоматии
_9242650
653 _aистория
653 _aосманско владичество
653 _aВъзраждане
653 _aБългария
653 _aхристоматии
700 1 _aГеоргиева, Цветана Борисова
_d1937-2022
_gИсторик, османист, етнолог
_9364808
700 _aЦанев, Димитър Цветанов
_9259079
760 1 _d1982
_h447 с., 22 см
_nСъдържа и Речник на османо-турските думи и термини. - Геогр. показалец
_tТ. 3 Българският народ под османско владичество
852 _aЦб 32887
_bЦб
856 4 _qpdf
_u
856 4 _qpdf
_u
942 _cKNG
_n0
_04
_s1
944 _aCR
_k
_lCRON CRON
944 _aED
_c25.06.2010
999 _d20289